[Event "XVIII Festival Conca della Presolana Magistrale"]
[Site "Bratto - Castione della Presolana ITA"]
[Date "1998.08.??"]
[Round "?"]
[White "Cetro, Carlo"]
[Black "Bossi, Alessandro"]
[Result "0-1"]
[WhiteElo "2190"]
[BlackElo "2110"]
[PlyCount "83"]
[EventDate "1998.08.22"]

1. c4 Nf6 2. Nc3 e6 3. e4 d5 4. e5 d4 5. exf6 dxc3 6. bxc3 Qxf6 7. d4 b6 8. Nf3
Bb7 9. Bd3 h6 10. Qe2 Bd6 11. Be4 Bxe4 12. Qxe4 c6 13. O-O O-O 14. a4 Rc8 15.
a5 bxa5 16. Rxa5 Nd7 17. c5 Qd8 18. Ra3 Nf6 19. Qh4 Be7 20. c4 Rcb8 21. Ne5 Nd7
22. Qh5 Nxe5 23. dxe5 Bxc5 24. Rg3 Bf8 25. Qxh6 g6 26. Qf4 Bg7 27. Rf3 Rb7 28.
Ba3 a5 29. g4 Qh4 30. Bd6 a4 31. Kg2 Bh6 32. Qe4 Ra6 33. Bc5 Qd8 34. Rh3 Bg7
35. Ra1 Qa8 36. Raa3 Rd7 37. g5 Ra5 38. Bb4 Rxe5 39. Qf3 Rf5 40. Qe4 Rd4 41.
Qe1 c5+ 42. f3 0-1

[Event "XVIII Festival Conca della Presolana Magistrale"]
[Site "Bratto - Castione della Presolana ITA"]
[Date "1998.08.??"]
[Round "?"]
[White "Cetro, Carlo"]
[Black "Capece, Adolivio"]
[Result "1/2-1/2"]
[WhiteElo "2190"]
[BlackElo "2015"]
[PlyCount "31"]
[EventDate "1998.08.22"]

1. c4 c5 2. Nf3 Nc6 3. g3 g6 4. Bg2 Bg7 5. O-O d6 6. Nc3 Bg4 7. h3 Bd7 8. e3
Qc8 9. Kh2 h5 10. d4 h4 11. g4 Nh6 12. dxc5 Bxg4 13. cxd6 Bxf3 14. d7+ Qxd7 15.
Qxd7+ Kxd7 16. Bxf3 1/2-1/2

[Event "XVIII Festival Conca della Presolana Magistrale"]
[Site "Bratto - Castione della Presolana ITA"]
[Date "1998.08.??"]
[Round "?"]
[White "Cetro, Carlo"]
[Black "Mascheroni, Maurizio"]
[Result "0-1"]
[WhiteElo "2190"]
[BlackElo "2025"]
[PlyCount "50"]
[EventDate "1998.08.22"]

1. c4 Nf6 2. Nc3 e5 3. g3 Bb4 4. Bg2 O-O 5. Nf3 Nc6 6. O-O Re8 7. e3 d6 8. Qb3
Bxc3 9. Qxc3 d5 10. d3 dxc4 11. dxc4 Ne4 12. Qc2 Nc5 13. Rd1 Qe7 14. a3 e4 15.
Nd4 Bg4 16. Nxc6 bxc6 17. Rd2 Nd3 18. Bxe4 Ne1 19. Bxh7+ Kh8 20. Qb1 Nf3+ 21.
Kg2 Nxd2 22. Bxd2 Rad8 23. Bc1 Qe6 24. Bd3 Bh3+ 25. Kg1 Qe4 0-1

[Event "XVIII Festival Conca della Presolana Magistrale"]
[Site "Bratto - Castione della Presolana ITA"]
[Date "1998.08.??"]
[Round "?"]
[White "Collutiis, Duilio"]
[Black "Bosio, Devis"]
[Result "0-1"]
[WhiteElo "2185"]
[BlackElo "1975"]
[PlyCount "118"]
[EventDate "1998.08.22"]

1. e4 c6 2. d4 d5 3. e5 c5 4. dxc5 Nc6 5. Bb5 e6 6. Be3 Nge7 7. c3 Bd7 8. Bxc6
Nxc6 9. f4 g5 10. b4 gxf4 11. Bxf4 a5 12. b5 Ne7 13. c4 dxc4 14. Nc3 Ng6 15.
Ne4 Be7 16. Ne2 Bxb5 17. Nd6+ Bxd6 18. cxd6 Nxf4 19. Nxf4 Qb6 20. Qd2 Qc5 21.
Qc3 Qb4 22. Kd2 Rg8 23. Rab1 Qxc3+ 24. Kxc3 Ba6 25. Rb6 Rg5 26. Re1 Rc8 27. a4
Kd7 28. Re3 Rc6 29. Rb2 f6 30. exf6 Rxd6 31. Rbe2 e5 32. Rxe5 Rxe5 33. Rxe5
Rxf6 34. g3 Rh6 35. h4 Rb6 36. Ne2 Re6 37. Rd5+ Kc6 38. Nf4 Re3+ 39. Kd4 Rxg3
40. Rxa5 Rg4 41. Rf5 Rxh4 42. Rf6+ Kd7 43. Ke5 c3 44. Rd6+ Ke8 45. Re6+ Kd7 46.
Rd6+ Kc8 47. Ne6 Kb8 48. Rd8+ Ka7 49. Rc8 Bc4 50. Nd4 Rh5+ 51. Kf4 Bd5 52. a5
Bf7 53. Rxc3 Rxa5 54. Rc7 Bg6 55. Re7 Kb6 56. Re6+ Ka7 57. Re7 Rc5 58. Ne6 Rf5+
59. Kg3 Rf7 0-1

[Event "XVIII Festival Conca della Presolana Magistrale"]
[Site "Bratto - Castione della Presolana ITA"]
[Date "1998.08.??"]
[Round "?"]
[White "Collutiis, Duilio"]
[Black "Ferretti, Folco"]
[Result "0-1"]
[WhiteElo "2185"]
[BlackElo "2265"]
[PlyCount "76"]
[EventDate "1998.08.22"]

1. e4 c6 2. d4 d5 3. e5 c5 4. dxc5 Nc6 5. Bb5 e6 6. Be3 Nge7 7. Nf3 Nf5 8. Qd2
Nxe3 9. Qxe3 Qa5+ 10. Nc3 a6 11. Bd3 Bxc5 12. Qd2 h6 13. O-O Bb4 14. a3 Bxc3
15. Qxc3 Qxc3 16. bxc3 Na5 17. Nd2 Bd7 18. c4 dxc4 19. Bxc4 Ke7 20. Bd3 Rac8
21. f4 Ba4 22. Ra2 Rhd8 23. Ne4 Bb3 24. cxb3 Rxd3 25. b4 Nb3 26. Nd6 Rc7 27. f5
f6 28. Ne4 fxe5 29. f6+ gxf6 30. Nxf6 Nc1 31. Rb2 Rxa3 32. Ng8+ Kd6 33. Nxh6 e4
34. Ng4 Kd5 35. Nf2 Ra2 36. Rd1+ Ke5 37. Rxa2 Nxa2 38. Ra1 Rc4 0-1

[Event "XVIII Festival Conca della Presolana Magistrale"]
[Site "Bratto - Castione della Presolana ITA"]
[Date "1998.08.??"]
[Round "?"]
[White "Collutiis, Duilio"]
[Black "Samaritani, Fabio"]
[Result "1-0"]
[WhiteElo "2185"]
[BlackElo "2305"]
[PlyCount "51"]
[EventDate "1998.08.22"]

1. e4 e5 2. Nf3 Nc6 3. Bb5 a6 4. Ba4 Nf6 5. O-O Bc5 6. Nxe5 Nxe5 7. d4 Nxe4 8.
Re1 Be7 9. Rxe4 Ng6 10. c4 O-O 11. Nc3 c6 12. Re1 b5 13. Bb3 bxc4 14. Bxc4 d5
15. Bd3 Bf6 16. Be3 c5 17. Ne2 c4 18. Bc2 Be6 19. Ng3 Be7 20. Qh5 Bb4 21. Bg5
Qd7 22. Nf5 f6 23. Rxe6 fxg5 24. Ne7+ Bxe7 25. Rxg6 Qe8 26. Rxg7+ 1-0

[Event "XVIII Festival Conca della Presolana Magistrale"]
[Site "Bratto - Castione della Presolana ITA"]
[Date "1998.08.??"]
[Round "?"]
[White "Collutiis, Duilio"]
[Black "Zoldan, Matteo"]
[Result "1-0"]
[WhiteElo "2185"]
[BlackElo "2115"]
[PlyCount "123"]
[EventDate "1998.08.22"]

1. e4 c5 2. Nc3 d6 3. f4 Nc6 4. Nf3 g6 5. Bb5 Bg7 6. d3 Bd7 7. O-O e6 8. Bxc6
Bxc6 9. f5 Nf6 10. fxe6 fxe6 11. Qe1 O-O 12. Qh4 Qc7 13. Be3 b6 14. Ng5 Rae8
15. Qh3 Qe7 16. Rae1 Bd7 17. e5 dxe5 18. Nce4 h5 19. Nf3 Nxe4 20. dxe4 Bc6 21.
Bg5 Qb7 22. Qh4 Rf7 23. g4 Ref8 24. gxh5 gxh5 25. Kg2 Rd7 26. b3 Rdf7 27. Nd2
Rxf1 28. Nxf1 Qf7 29. Nd2 Qg6 30. Re3 Rf4 31. Rg3 Rxh4 32. Bxh4 Kf7 33. Rxg6
Kxg6 34. Kf3 Bf6 35. Nc4 Bxe4+ 36. Kxe4 Bxh4 37. Kxe5 Kf7 38. Nd6+ Ke7 39. Nc8+
Kd7 40. Nxa7 Bf2 41. Nb5 Bg1 42. h3 h4 43. c4 Ke7 44. Ke4 Bh2 45. Nc3 Kf6 46.
Na4 Bc7 47. Nb2 Bd6 48. Nd3 Bc7 49. Nf4 Bd6 50. Ng2 Kg5 51. a3 Bg3 52. Ne3 Kf6
53. Ng4+ Ke7 54. Ne5 Kd6 55. Ng6 Kc6 56. Kf3 b5 57. Kg4 bxc4 58. bxc4 Kb6 59.
Nxh4 Bd6 60. Ng6 Bh2 61. h4 Bg1 62. Nf8 1-0

[Event "XVIII Festival Conca della Presolana Magistrale"]
[Site "Bratto - Castione della Presolana ITA"]
[Date "1998.08.??"]
[Round "?"]
[White "De Barberis, Massimo"]
[Black "Pagnoncelli, Marco"]
[Result "1/2-1/2"]
[WhiteElo "2110"]
[BlackElo "2120"]
[PlyCount "60"]
[EventDate "1998.08.22"]

1. d4 Nf6 2. Nc3 d5 3. Bg5 g6 4. Bxf6 exf6 5. Nf3 Bg7 6. e3 O-O 7. Bd3 f5 8.
Ne2 c5 9. c3 c4 10. Bc2 Nd7 11. O-O Nf6 12. Ne5 Qd6 13. b3 b5 14. a4 cxb3 15.
Bxb3 bxa4 16. Rxa4 Ba6 17. c4 dxc4 18. Nxc4 Bxc4 19. Bxc4 Rfb8 20. Qa1 Rb4 21.
Rxb4 Qxb4 22. Qa2 Qb7 23. Ba6 Qd7 24. Rb1 Qd5 25. Bc4 Qd7 26. Qa6 Rc8 27. Rb7
Rc7 28. Rxc7 Qxc7 29. Nc3 Bf8 30. g3 Kg7 1/2-1/2

[Event "XVIII Festival Conca della Presolana Magistrale"]
[Site "Bratto - Castione della Presolana ITA"]
[Date "1998.08.??"]
[Round "?"]
[White "De Barberis, Massimo"]
[Black "Vancini, Edoardo"]
[Result "0-1"]
[WhiteElo "2110"]
[BlackElo "2260"]
[PlyCount "38"]
[EventDate "1998.08.22"]

1. e4 c5 2. Nf3 e6 3. c3 Nf6 4. e5 Nd5 5. d4 cxd4 6. cxd4 d6 7. Nc3 Nxc3 8.
bxc3 Qc7 9. Bd2 Nd7 10. Bd3 dxe5 11. O-O Bd6 12. Ng5 Nf6 13. dxe5 Bxe5 14. Qa4+
Bd7 15. Qh4 Bc6 16. f4 Bd6 17. Rab1 Bc5+ 18. Kh1 O-O-O 19. Qh3 h6 0-1

[Event "XVIII Festival Conca della Presolana Magistrale"]
[Site "Bratto - Castione della Presolana ITA"]
[Date "1998.08.??"]
[Round "?"]
[White "Di Fonzo, Valerio"]
[Black "Arlandi, Ennio"]
[Result "0-1"]
[WhiteElo "2215"]
[BlackElo "2440"]
[PlyCount "96"]
[EventDate "1998.08.22"]

1. e4 c5 2. Nf3 e6 3. d4 cxd4 4. Nxd4 Nf6 5. Nc3 d6 6. Be2 a6 7. O-O Be7 8. Be3
O-O 9. f4 Qc7 10. Bf3 Nc6 11. a4 Re8 12. Nb3 Na5 13. Nxa5 Qxa5 14. Qd2 Qc7 15.
a5 Bd7 16. Bb6 Qb8 17. e5 dxe5 18. fxe5 Qxe5 19. Bxb7 Bd6 20. g3 Rab8 21. Bg2
Bc5+ 22. Kh1 Bxb6 23. axb6 Rxb6 24. Rxf6 Rd6 25. Qf4 gxf6 26. Qxe5 fxe5 27. Ne4
Rd4 28. Nf6+ Kf8 29. c3 Rd2 30. Nxd7+ Rxd7 31. Bc6 Rd6 32. Bxe8 Kxe8 33. b4 Rc6
34. Rc1 Rc4 35. Kg2 Ke7 36. Kf3 f5 37. Ke3 e4 38. Kd2 Kf6 39. Ra1 Rc6 40. Ra5
Kg5 41. h3 h5 42. c4 Rxc4 43. Rxa6 Rxb4 44. Rxe6 Rb3 45. h4+ Kg4 46. Rg6+ Kf3
47. Rg5 e3+ 48. Kc2 Rb5 0-1

[Event "XVIII Festival Conca della Presolana Magistrale"]
[Site "Bratto - Castione della Presolana ITA"]
[Date "1998.08.??"]
[Round "?"]
[White "Di Fonzo, Valerio"]
[Black "Bosio, Devis"]
[Result "1/2-1/2"]
[WhiteElo "2215"]
[BlackElo "1975"]
[PlyCount "48"]
[EventDate "1998.08.22"]

1. e4 c6 2. Nc3 d5 3. Nf3 Bg4 4. h3 Bh5 5. exd5 cxd5 6. g4 Bg6 7. Bb5+ Nc6 8.
Ne5 Rc8 9. d4 e6 10. h4 f6 11. Nxg6 hxg6 12. Qd3 Kf7 13. h5 gxh5 14. Rxh5 Rxh5
15. gxh5 Nge7 16. Bxc6 bxc6 17. Bd2 Nf5 18. Ne2 Qb6 19. Bc3 Bb4 20. O-O-O Bxc3
21. Nxc3 Rb8 22. b3 Rh8 23. Na4 Qb5 24. Qf3 Qb4 1/2-1/2

[Event "XVIII Festival Conca della Presolana Magistrale"]
[Site "Bratto - Castione della Presolana ITA"]
[Date "1998.08.??"]
[Round "?"]
[White "Di Fonzo, Valerio"]
[Black "Giretti Kanev, Jasen"]
[Result "1-0"]
[WhiteElo "2215"]
[BlackElo "2150"]
[PlyCount "105"]
[EventDate "1998.08.22"]

1. e4 c6 2. d4 d6 3. Nf3 Nf6 4. Bd3 Bg4 5. Nbd2 Nbd7 6. h3 Bh5 7. O-O e5 8. c3
Be7 9. Re1 Qc7 10. Nf1 O-O-O 11. Ng3 Bxf3 12. Qxf3 g6 13. Bc4 Qb6 14. Be3 Qxb2
15. Rab1 Qxc3 16. Ba6 exd4 17. Rec1 Ne5 18. Qd1 Qa5 19. Bxb7+ Kd7 20. Bxd4 Ke8
21. f4 Kf8 22. Bc3 Qc5+ 23. Kh2 Nc4 24. Bd4 Ne3 25. Bxc5 Nxd1 26. Bg1 h5 27.
Rxd1 h4 28. Ne2 Nxe4 29. Bxc6 Nc5 30. Bxc5 dxc5 31. Rxd8+ Bxd8 32. Rb7 a5 33.
Bd5 f6 34. Rf7+ Ke8 35. Rb7 g5 36. f5 Kf8 37. Be6 Be7 38. Rb8+ Kg7 39. Rxh8
Kxh8 40. Nc3 Bd6+ 41. Kg1 Kg7 42. Ne4 Be5 43. Kf1 Bd4 44. Ke2 Kh6 45. Kd3 Be5
46. Kc4 Bd4 47. Kb5 Kg7 48. Kxa5 Kf8 49. Kb5 Ke7 50. Kc6 Kd8 51. Nxc5 Ke7 52.
Ne4 Be3 53. a4 1-0

[Event "XVIII Festival Conca della Presolana Magistrale"]
[Site "Bratto - Castione della Presolana ITA"]
[Date "1998.08.??"]
[Round "?"]
[White "Di Fonzo, Valerio"]
[Black "Samaritani, Fabio"]
[Result "1/2-1/2"]
[WhiteElo "2215"]
[BlackElo "2305"]
[PlyCount "20"]
[EventDate "1998.08.22"]

1. e4 Nf6 2. e5 Nd5 3. d4 d6 4. Nf3 Bg4 5. Be2 e6 6. O-O Be7 7. c4 Nb6 8. Nc3
O-O 9. Be3 d5 10. c5 Bxf3 1/2-1/2

[Event "XVIII Festival Conca della Presolana Magistrale"]
[Site "Bratto - Castione della Presolana ITA"]
[Date "1998.08.??"]
[Round "?"]
[White "Di Lazzaro, Gabriele"]
[Black "Ori, Marco"]
[Result "1-0"]
[WhiteElo "2005"]
[BlackElo "2090"]
[PlyCount "37"]
[EventDate "1998.08.22"]

1. e4 c6 2. d4 d5 3. exd5 cxd5 4. c4 Nf6 5. Nf3 e6 6. Nc3 Bb4 7. Bg5 Qa5 8. a3
Bxc3+ 9. bxc3 Qxc3+ 10. Bd2 Qb2 11. Bd3 Ne4 12. Rb1 Qa2 13. Ra1 Qb2 14. Rb1 Qa2
15. Qc1 O-O 16. O-O Nc6 17. Re1 Nd6 18. Re2 dxc4 19. Bf4 1-0

[Event "XVIII Festival Conca della Presolana Magistrale"]
[Site "Bratto - Castione della Presolana ITA"]
[Date "1998.08.??"]
[Round "?"]
[White "Di Lazzaro, Gabriele"]
[Black "Pagnoncelli, Marco"]
[Result "1/2-1/2"]
[WhiteElo "2005"]
[BlackElo "2120"]
[PlyCount "113"]
[EventDate "1998.08.22"]

1. e4 c5 2. c3 d5 3. exd5 Qxd5 4. d4 Nf6 5. Nf3 Bg4 6. Be2 e6 7. c4 Qd8 8. Nc3
cxd4 9. Qxd4 Nc6 10. Qxd8+ Rxd8 11. O-O Bb4 12. Bg5 O-O 13. Bxf6 gxf6 14. Ne4
Kg7 15. a3 Be7 16. Nc3 a6 17. Rfd1 Bf5 18. Rxd8 Rxd8 19. Rd1 Bc2 20. Rxd8 Bxd8
21. b4 f5 22. Bd1 Bxd1 23. Nxd1 Bf6 24. Kf1 Kf8 25. Ke2 Ke7 26. Kd3 e5 27. Ne1
e4+ 28. Kd2 Ke6 29. Nc2 Bg5+ 30. Kc3 f4 31. Nd4+ Ke5 32. Nxc6+ bxc6 33. a4 Bd8
34. g3 f5 35. gxf4+ Kxf4 36. Kd4 Bb6+ 37. c5 Bd8 38. Ne3 h5 39. h3 Bf6+ 40. Kc4
Ke5 41. b5 axb5+ 42. axb5 cxb5+ 43. Kxb5 f4 44. Nc4+ Ke6 45. c6 Bd8 46. Kc5 Bc7
47. Kd4 Kf5 48. Kd5 e3 49. fxe3 fxe3 50. Nxe3+ Kf4 51. Nc4 Kg3 52. Nd6 Kxh3 53.
Ne8 Bb8 54. Ng7 h4 55. Nf5 Kg4 56. c7 Bxc7 57. Nxh4 1/2-1/2

[Event "XVIII Festival Conca della Presolana Magistrale"]
[Site "Bratto - Castione della Presolana ITA"]
[Date "1998.08.??"]
[Round "?"]
[White "Di Lazzaro, Gabriele"]
[Black "Ricci, Alfredo"]
[Result "1-0"]
[WhiteElo "2005"]
[BlackElo "1962"]
[PlyCount "69"]
[EventDate "1998.08.22"]

1. e4 c5 2. c3 d6 3. d4 Nf6 4. Bd3 Nc6 5. d5 Ne5 6. Bc2 e6 7. Ne2 Be7 8. O-O
O-O 9. f4 Ng6 10. c4 exd5 11. cxd5 Qc7 12. Nbc3 a6 13. a4 Re8 14. Ng3 b6 15.
Nh5 Rb8 16. Bd2 Bd7 17. Qf3 b5 18. axb5 axb5 19. Nd1 b4 20. b3 c4 21. bxc4 Qxc4
22. Ne3 Qd4 23. Rad1 b3 24. Bb1 Nh4 25. Nxf6+ Bxf6 26. Qg3 Ng6 27. Kh1 Qb6 28.
Ng4 Bh4 29. Qf3 Be7 30. Bc3 f5 31. exf5 Nh4 32. Qg3 Kh8 33. f6 Rg8 34. Qxh4 g6
35. fxe7+ 1-0

[Event "XVIII Festival Conca della Presolana Magistrale"]
[Site "Bratto - Castione della Presolana ITA"]
[Date "1998.08.??"]
[Round "?"]
[White "Di Lazzaro, Gabriele"]
[Black "Ruggeri, Pietro"]
[Result "1/2-1/2"]
[WhiteElo "2005"]
[BlackElo "2145"]
[PlyCount "131"]
[EventDate "1998.08.22"]

1. Nf3 g6 2. g3 Bg7 3. d4 d6 4. Bg2 Nd7 5. O-O Ngf6 6. c4 O-O 7. Nc3 c5 8. d5
Nb6 9. Qd3 e5 10. dxe6 Bxe6 11. Nd2 d5 12. cxd5 Nbxd5 13. Nxd5 Bxd5 14. Nf3 c4
15. Qc2 Qc8 16. Bf4 Be4 17. Qa4 a6 18. Rfd1 Nd5 19. Be5 b5 20. Qa5 f6 21. Bd4
Qb7 22. Nh4 Bxg2 23. Nxg2 Rad8 24. Bc5 Rfe8 25. e4 Qc7 26. Qxc7 Nxc7 27. Bb6
Rc8 28. f3 f5 29. Bd4 fxe4 30. Bxg7 exf3 31. Nh4 f2+ 32. Kxf2 Kxg7 33. Rd7+ Kg8
34. Rad1 Re6 35. Rd8+ Rxd8 36. Rxd8+ Ne8 37. Nf3 h6 38. h4 Kf7 39. Nh2 Ke7 40.
Rd2 Nf6 41. Re2 Ne4+ 42. Kf3 Nc5 43. Ng4 Rxe2 44. Kxe2 h5 45. Ne5 Kf6 46. Nc6
Nd3 47. Nb8 Nxb2 48. Nxa6 Nd3 49. a3 Ke5 50. Nc7 b4 51. axb4 Nxb4 52. Kd2 Nd5
53. Nb5 Ke4 54. Nd6+ Kd4 55. Nf7 c3+ 56. Kc1 Nb4 57. Kd1 Nd5 58. Kc1 Ke4 59.
Kc2 Kf3 60. Ne5+ Kxg3 61. Nxg6 Kg4 62. Kd3 Nf4+ 63. Nxf4 Kxf4 64. Kxc3 Kg4 65.
Kd3 Kxh4 66. Ke2 1/2-1/2

[Event "XVIII Festival Conca della Presolana Magistrale"]
[Site "Bratto - Castione della Presolana ITA"]
[Date "1998.08.??"]
[Round "?"]
[White "Di Lazzaro, Gabriele"]
[Black "Ruzzier, Dario"]
[Result "0-1"]
[WhiteElo "2005"]
[BlackElo "2090"]
[PlyCount "90"]
[EventDate "1998.08.22"]

1. e4 e5 2. d4 exd4 3. Qxd4 Nc6 4. Qe3 Nf6 5. Nc3 Bb4 6. Bd2 O-O 7. O-O-O Re8
8. Bc4 d6 9. f3 Be6 10. Bxe6 Rxe6 11. Nge2 d5 12. Nf4 d4 13. Nxe6 dxe3 14. Nxd8
exd2+ 15. Rxd2 Rxd8 16. Rxd8+ Nxd8 17. Nb5 Ne6 18. Nxa7 c6 19. c3 Bc5 20. Nc8
g5 21. Rd1 Nf4 22. Nd6 Nxg2 23. Nxb7 Be3+ 24. Kc2 Bf4 25. Rd8+ Kg7 26. h3 Ne1+
27. Kd1 Nxf3 28. Nd6 Bxd6 29. Rxd6 Ne5 30. Rd4 c5 31. Ra4 h5 32. Ke2 g4 33.
hxg4 hxg4 34. Kf2 c4 35. Kg2 Nxe4 36. Rb4 f5 37. Rb7+ Kg6 38. a4 f4 39. a5 f3+
40. Kf1 Nd3 41. Rb6+ Kg5 42. Rb5+ Kh4 43. Rf5 Ng3+ 44. Kg1 Nxf5 45. a6 f2+ 0-1

[Event "XVIII Festival Conca della Presolana Magistrale"]
[Site "Bratto - Castione della Presolana ITA"]
[Date "1998.08.??"]
[Round "?"]
[White "Drazic, Sinisa"]
[Black "Barbero, Gerardo F."]
[Result "1/2-1/2"]
[WhiteElo "2495"]
[BlackElo "2415"]
[PlyCount "125"]
[EventDate "1998.08.22"]

1. d4 d5 2. c4 c6 3. Nf3 Nf6 4. Nc3 e6 5. e3 Nbd7 6. Qc2 Bd6 7. a3 O-O 8. Be2
Qe7 9. O-O dxc4 10. Bxc4 a6 11. Ne4 Nxe4 12. Qxe4 c5 13. a4 Rb8 14. Ne5 Rd8 15.
f4 Nf6 16. Qf3 cxd4 17. exd4 Bc7 18. Be3 Nd5 19. Bf2 g6 20. Rfe1 Qf6 21. Bxd5
Rxd5 22. Rac1 Ba5 23. Rf1 Bd7 24. Qxd5 exd5 25. Nxd7 Qxf4 26. Nxb8 Qxb8 27. Bg3
Qe8 28. Be5 f5 29. Kh1 Qxa4 30. g4 Qb3 31. gxf5 Qd3 32. Rc8+ Kf7 33. fxg6+ Kxg6
34. Rg8+ Kh5 35. Rgf8 Qe4+ 36. R1f3 Bd2 37. Kg2 Bg5 38. h4 Bxh4 39. R8f4 Qc2+
40. Kh3 Bg5 41. Rf7 h6 42. b3 a5 43. Rc7 Qe4 44. Rcc3 b5 45. Rcd3 Qe1 46. Rc3
Qh1+ 47. Bh2 b4 48. Rcd3 Kg6 49. Rf2 Qe4 50. Rff3 Bf6 51. Bg1 Bg5 52. Bh2 Qe1
53. Kg2 Kh5 54. Kh3 Qe6+ 55. Kg2 Kg4 56. Be5 Qa6 57. Rg3+ Kh5 58. Rh3+ Kg6 59.
Rhg3 Qc8 60. Rdf3 Qc2+ 61. Rf2 Qe4+ 62. Kh2 Qh4+ 63. Kg2 1/2-1/2

[Event "XVIII Festival Conca della Presolana Magistrale"]
[Site "Bratto - Castione della Presolana ITA"]
[Date "1998.08.??"]
[Round "?"]
[White "Drazic, Sinisa"]
[Black "Everet, Alexandro"]
[Result "1-0"]
[WhiteElo "2495"]
[BlackElo "2260"]
[PlyCount "81"]
[EventDate "1998.08.22"]

1. d4 d5 2. Nf3 Bf5 3. c4 e6 4. Nc3 Nf6 5. Bf4 dxc4 6. e3 Bd6 7. Bg5 Be7 8.
Bxc4 O-O 9. O-O Nbd7 10. Qb3 Nb6 11. Be2 Ne4 12. Bxe7 Qxe7 13. Rac1 Rfc8 14.
Rfd1 Nxc3 15. Rxc3 c5 16. Qa3 Nd5 17. Rxc5 Rxc5 18. Qxc5 Qxc5 19. dxc5 Rc8 20.
Nd4 Bg6 21. Rc1 Ne7 22. b4 a6 23. Bf3 e5 24. Nb3 e4 25. Be2 Nd5 26. a3 Kf8 27.
Bc4 Nf6 28. Rd1 Ke7 29. Na5 Rc7 30. h3 h5 31. Rd4 Bf5 32. Bd5 Nxd5 33. Rxd5 g6
34. h4 Be6 35. Rd4 f5 36. Kh2 Kf6 37. Rd6 Kf7 38. Kg3 Bc8 39. Kf4 Re7 40. Kg5
Re5 41. Nc4 1-0

[Event "XVIII Festival Conca della Presolana Magistrale"]
[Site "Bratto - Castione della Presolana ITA"]
[Date "1998.08.??"]
[Round "?"]
[White "Drazic, Sinisa"]
[Black "Lanzani, Mario"]
[Result "1/2-1/2"]
[WhiteElo "2495"]
[BlackElo "2395"]
[PlyCount "136"]
[EventDate "1998.08.22"]

1. d4 Nf6 2. Nf3 g6 3. c4 Bg7 4. Nc3 O-O 5. Bg5 d6 6. e3 c6 7. h3 Qe8 8. Be2
Nfd7 9. e4 Na6 10. d5 Nac5 11. Nd4 e5 12. Nb3 Nxb3 13. axb3 f6 14. Be3 c5 15.
Nb5 Qe7 16. Nxa7 Rb8 17. h4 f5 18. h5 Nf6 19. Nxc8 Rbxc8 20. Bf3 Qd7 21. Bd2 b5
22. hxg6 hxg6 23. Qe2 Ra8 24. O-O b4 25. g3 Ra7 26. Rxa7 Qxa7 27. Qd3 Nh7 28.
Bg2 f4 29. Bh3 Ng5 30. Bg4 Bh8 31. Kg2 Qf7 32. f3 Ra8 33. Qb1 Qf6 34. Rf2 Bg7
35. Qc1 Rf8 36. Rf1 Bh6 37. gxf4 exf4 38. Rh1 Kg7 39. Qc2 Nf7 40. Bc1 Ne5 41.
Kf2 Ra8 42. Kg2 Qg5 43. Kh3 Kf6 44. Qe2 Kg7 45. Rg1 Qf6 46. Be6 Rh8 47. Kg2 Qh4
48. Kf1 Bg5 49. Qg2 Kf6 50. Bd2 Rh5 51. Bg4 Rh7 52. Be6 Rh5 53. Bg4 Nxg4 54.
Qxg4 Qxg4 55. Rxg4 Rh1+ 56. Rg1 Rh2 57. Rg2 Rh1+ 58. Rg1 Rh2 59. Rg2 Rh3 60.
Ke2 Bh6 61. Be1 g5 62. Bf2 Rh5 63. Rg1 Bg7 64. Ra1 Ke7 65. Ra7+ Kf8 66. Ra8+
Ke7 67. Ra7+ Kf8 68. Ra8+ Ke7 1/2-1/2

[Event "XVIII Festival Conca della Presolana Magistrale"]
[Site "Bratto - Castione della Presolana ITA"]
[Date "1998.08.??"]
[Round "?"]
[White "Drazic, Sinisa"]
[Black "Menoni, Vincenzo"]
[Result "1-0"]
[WhiteElo "2495"]
[BlackElo "2285"]
[PlyCount "101"]
[EventDate "1998.08.22"]

1. d4 Nf6 2. Nf3 g6 3. g3 Bg7 4. Bg2 O-O 5. O-O d6 6. Nc3 Nbd7 7. e4 e5 8. Re1
c6 9. a4 Qc7 10. h3 Re8 11. Be3 b6 12. Qd2 Bb7 13. g4 a6 14. Rad1 Rad8 15. d5
c5 16. Rb1 Rc8 17. b3 Rb8 18. Bg5 Bc8 19. Bf1 h5 20. Nh2 hxg4 21. hxg4 Nf8 22.
Be2 N8h7 23. Be3 Nd7 24. g5 Qd8 25. Kh1 Bf8 26. Rg1 Be7 27. Rg3 Kg7 28. Rbg1
Rh8 29. Qe1 Nhf8 30. Qf1 Ra8 31. Rh3 Nh7 32. Qg2 Ndf8 33. Rh6 Rg8 34. Rh4 Bd7
35. Nf1 Bc8 36. Qg3 Rh8 37. Rg2 Rg8 38. Kg1 f6 39. gxf6+ Bxf6 40. Rh1 Kf7 41.
Bh6 Ke7 42. Ne3 Kd7 43. Ng4 Kc7 44. Nxf6 Qxf6 45. f4 Bd7 46. Rf2 Qe7 47. Kg2
Kb7 48. Rhf1 g5 49. fxe5 Qxe5 50. Qxe5 dxe5 51. Rf7 1-0

[Event "XVIII Festival Conca della Presolana Magistrale"]
[Site "Bratto - Castione della Presolana ITA"]
[Date "1998.08.??"]
[Round "?"]
[White "Efimov, Igor"]
[Black "Bancod, Ronald"]
[Result "1-0"]
[WhiteElo "2530"]
[BlackElo "2400"]
[PlyCount "103"]
[EventDate "1998.08.22"]

1. d4 Nf6 2. Nf3 g6 3. g3 Bg7 4. Bg2 O-O 5. O-O d6 6. Re1 c5 7. Nc3 Nc6 8. d5
Nb4 9. e4 e5 10. Nd2 Bd7 11. Nc4 b5 12. Ne3 Ne8 13. a4 a6 14. a5 f5 15. f3 Qc7
16. Qd2 c4 17. Ncd1 Qc5 18. Kh1 Nf6 19. Qc3 f4 20. Nf1 Nfxd5 21. exd5 e4 22.
Qd2 e3 23. Qe2 g5 24. Nfxe3 Rae8 25. Nf2 fxe3 26. Ne4 Qxd5 27. Bxe3 g4 28. Rad1
Qh5 29. f4 d5 30. Bc5 Nc6 31. Rxd5 Qxd5 32. Nf6+ Kh8 33. Nxd5 Rxe2 34. Rxe2 Re8
35. Rxe8+ Bxe8 36. Nc7 Bd7 37. c3 Nxa5 38. Nxa6 Nc6 39. Bd5 Bf6 40. Kg1 Kg7 41.
Nc7 Na5 42. Ne6+ Kh8 43. Bd4 Bxd4+ 44. Nxd4 Kg7 45. Kf2 Kf6 46. Ke3 h5 47. Ke4
Be8 48. Ba8 Bd7 49. Kd5 Be8 50. Kc5 h4 51. Kb4 hxg3 52. hxg3 1-0

[Event "XVIII Festival Conca della Presolana Magistrale"]
[Site "Bratto - Castione della Presolana ITA"]
[Date "1998.08.??"]
[Round "?"]
[White "Efimov, Igor"]
[Black "Collutiis, Duilio"]
[Result "1/2-1/2"]
[WhiteElo "2530"]
[BlackElo "2185"]
[PlyCount "110"]
[EventDate "1998.08.22"]

1. e4 c5 2. Nf3 Nc6 3. d4 cxd4 4. Nxd4 Nf6 5. Nc3 d6 6. Bg5 e6 7. Qd2 a6 8.
O-O-O h6 9. Bf4 Bd7 10. Nb3 e5 11. Bg3 Be6 12. Be2 Be7 13. f4 O-O 14. Kb1 b5
15. Qe3 exf4 16. Bxf4 Ng4 17. Bxg4 Bxg4 18. Rd2 Be6 19. Rhd1 b4 20. Nd5 Ne5 21.
Nxe7+ Qxe7 22. Qg3 Nc4 23. Rd4 Kh7 24. Nd2 Rfc8 25. Nxc4 Rxc4 26. Bxd6 Rxd4 27.
Rxd4 Qf6 28. Qd3 a5 29. e5+ Qg6 30. Qxg6+ Kxg6 31. c4 bxc3 32. bxc3 Rc8 33. Kb2
Bc4 34. Rg4+ Kh7 35. a3 a4 36. Kc2 g5 37. Rd4 Kg6 38. Be7 Kf5 39. Bf6 h5 40. h3
g4 41. hxg4+ hxg4 42. g3 Bb5 43. Rf4+ Ke6 44. Rxg4 Rc4 45. Rh4 Kf5 46. Rh5+ Ke6
47. Rh4 Kf5 48. Kd2 Re4 49. Rh2 Kg4 50. Rh4+ Kf5 51. e6 Re2+ 52. Kd1 Kxf6 53.
c4 Bxc4 54. Rxc4 Re3 55. Rxa4 Rxg3 1/2-1/2